000
00203 a2200109 4500
020
_a
9788880702221
041
_a
spa
100
_a
Anonimo
245
_a
La espada en la Roca
942
_c
BK
952
_7
1
999
_c
24964
_d
24964